Uno es ladrillo, tres es muralla / (Record no. 1020)

MARC details
000 -LEADER
campo de control de longitud fija 00727nam a22001937a 4500
008 - DATOS DE LONGITUD FIJA--INFORMACIÓN GENERAL
campo de control de longitud fija 160820s2016 cr||||| |||| 00| 0 spa d
082 04 - NÚMERO DE LA CLASIFICACIÓN DECIMAL DEWEY
Número de clasificación 741.6
Número de ítem F634v
100 ## - ENTRADA PRINCIPAL--NOMBRE DE PERSONA
Nombre de persona Flores Sancho, Adrian.
9 (RLIN) 5439
245 14 - MENCIÓN DEL TÍTULO
Título Uno es ladrillo, tres es muralla /
Mención de responsabilidad, etc. Adrian Flores Sancho.
250 ## - MENCION DE EDICION
Mención de edición 1a ed.
260 ## - PUBLICACIÓN, DISTRIBUCIÓN, ETC.
Lugar de publicación, distribución, etc. [San José, Costa Rica] :
Nombre del editor, distribuidor, etc. Ediciones 1390,
Fecha de publicación, distribución, etc. 2016.
300 ## - DESCRIPCIÓN FÍSICA
Extensión 40 p.
Otras características físicas il.
500 ## - NOTA GENERAL
Nota general Forma parte de la producción de los primeros 25 ejemplares, terminada de imprimir en abril de 2016, como parte del programa ALTER ACADEMIA de la Fundación Teor/ética.
653 10 - TÉRMINO DE INDIZACIÓN--NO CONTROLADO
Término no controlado Arte contemporáneo
653 10 - TÉRMINO DE INDIZACIÓN--NO CONTROLADO
Término no controlado Diseño gráfico
653 10 - TÉRMINO DE INDIZACIÓN--NO CONTROLADO
Término no controlado Dibujo
653 10 - TÉRMINO DE INDIZACIÓN--NO CONTROLADO
Término no controlado Artistas costarricenses
653 10 - TÉRMINO DE INDIZACIÓN--NO CONTROLADO
Término no controlado Arte - Costa Rica
Holdings
Estatus retirado Estado de pérdida Fuente del sistema de clasificación o colocación Estado de daño No para préstamo Biblioteca de origen Biblioteca actual Ubicación en estantería Fecha de adquisición Total de préstamos Signatura topográfica completa Código de barras Visto por última vez Precio de reemplazo Tipo de ítem Koha
    Clasificación Decimal Dewey     Biblioteca LadoV Biblioteca LadoV   20/08/2016   741.6 F634v 004226 20/08/2016 20/08/2016 Material 01